The English- Vernacular (Record no. 20206)

MARC details
000 -LEADER
fixed length control field 00313nam a22001337a 4500
020 ## - INTERNATIONAL STANDARD BOOK NUMBER
ISBN 8125030727
082 ## - DEWEY DECIMAL CLASSIFICATION NUMBER
Classification number 306.449 RAM
100 ## - MAIN ENTRY--AUTHOR NAME
Author name Ramanathan, Vaidehi
245 ## - TITLE STATEMENT
Title The English- Vernacular
260 ## - PUBLICATION, DISTRIBUTION, ETC. (IMPRINT)
Place of publication New Delhi
Name of publisher Orient Blackswan
Year of publication 2007
300 ## - PHYSICAL DESCRIPTION
Number of Pages 143
650 ## - SUBJECT ADDED ENTRY--TOPICAL TERM
Topical Term Language and Politics
942 ## - ADDED ENTRY ELEMENTS (KOHA)
Koha item type Books
Holdings
Home library Current library Date acquired Source of acquisition Cost, normal purchase price Full call number Accession Number Koha item type
Henry Martyn Institute Library Henry Martyn Institute Library 02/02/2017 Orient Blackswan hyderabad 495.00 306.449 RAM 25115 Books
                   Copyright © 2026 | Henry Martyn Institute | Hyderabad | TS-500052 | INDIA | Implemented by hmi.edu.in
Hit-Count:

Powered by Koha